[Event "EU-chT Seniors 15th"]
[Site "Dresden"]
[Date "2013.07.22"]
[Round "3"]
[White "Gofshtein, Leonid D"]
[Black "Bachmann, Karlheinz"]
[Result "1/2-1/2"]
[WhiteElo "2460"]
[BlackElo "2244"]
[PlyCount "80"]
[EventDate "2013.07.20"]
[EventType "team-swiss"]
[EventRounds "9"]
[EventCountry "GER"]
[SourceTitle "CBM 155 Extra"]
[Source "ChessBase"]
[SourceDate "2013.08.26"]
[SourceVersion "1"]
[SourceVersionDate "2013.08.26"]
[SourceQuality "1"]
[WhiteTeam "Israel"]
[BlackTeam "Katernberg"]
[WhiteTeamCountry "ISR"]
[BlackTeamCountry "GER"]

1. e4 c5 2. Nf3 e6 3. Nc3 d6 4. d4 cxd4 5. Qxd4 Nc6 6. Bb5 Bd7 7. Bxc6 Bxc6 8. Bg5 Nf6 9. 0-0-0 Be7 10. Qd3 0-0 11. Nd4 Qa5 12. f4 Rfd8 13. h4 Rac8 14. f5 Bd7 15. Kb1 h6 16. Bd2 Qa6 17. Qf3 b5 18. g4 b4 19. g5 bxc3 20. gxf6 Bxf6 21. Bxc3 e5 22. Ne2 Bc6 23. Ng3 Qb7 24. Qg4 Kf8 25. a3 Rb8 26. Rd2 a5 27. b3 Ra8 28. Rhd1 Ke7 29. Rd3 Rd7 30. R1d2 Qb6 31. Qd1 Rad8 32. Qg4 Ra8 33. Rd1 Qb7 34. Bd2 d5 35. exd5 Rxd5 36. Bc3 Rxd3 37. Rxd3 Qb6 38. Ne4 Rd8 39. Rxd8 Qxd8 40. Nxf6 Kxf6 1/2-1/2

[Event "EU-chT Seniors 15th"]
[Site "Dresden"]
[Date "2013.07.20"]
[Round "1"]
[White "Beltz, Martina"]
[Black "Bachmann, Karlheinz"]
[Result "1/2-1/2"]
[WhiteElo "2090"]
[BlackElo "2244"]
[PlyCount "24"]
[EventDate "2013.07.20"]
[EventType "team-swiss"]
[EventRounds "9"]
[EventCountry "GER"]
[SourceTitle "CBM 155 Extra"]
[Source "ChessBase"]
[SourceDate "2013.08.26"]
[SourceVersion "1"]
[SourceVersionDate "2013.08.26"]
[SourceQuality "1"]
[WhiteTeam "Germany (W)"]
[BlackTeam "Katernberg"]
[WhiteTeamCountry "GER"]
[BlackTeamCountry "GER"]

1. d4 d5 2. Nf3 Nf6 3. Bg5 e6 4. e3 Be7 5. Bd3 0-0 6. Nbd2 b6 7. Ne5 Bb7 8. 0-0 Nbd7 9. f4 Ne4 10. Bxe7 Qxe7 11. Ndf3 f6 12. Nxd7 Qxd7 1/2-1/2

[Event "Ruhrgebiet VK2 1213"]
[Site "Nordrheinwestfalen"]
[Date "2013.04.07"]
[Round "8"]
[White "Reinoehl, Christian"]
[Black "Bachmann, Karlheinz"]
[Result "1-0"]
[WhiteElo "2043"]
[BlackElo "2110"]
[PlyCount "70"]
[EventDate "2012.09.02"]
[EventType "team-tourn"]
[EventRounds "9"]
[EventCountry "GER"]
[SourceTitle "EXT 2020"]
[Source "ChessBase"]
[SourceDate "2019.10.17"]
[SourceVersion "1"]
[SourceVersionDate "2019.10.17"]
[SourceQuality "1"]
[WhiteTeam "Annen Sport Union"]
[BlackTeam "Katernberg SF III"]
[WhiteTeamCountry "GER"]
[BlackTeamCountry "GER"]

1. d4 d5 2. c4 dxc4 3. Nf3 Nf6 4. Na3 e6 5. Nxc4 c5 6. Nce5 cxd4 7. Qa4+ Bd7 8. Nxd7 Qxd7 9. Qxd4 Qxd4 10. Nxd4 Bb4+ 11. Bd2 Bxd2+ 12. Kxd2 0-0 13. e3 Rd8 14. Ke1 a6 15. Bc4 e5 16. Nf3 Nc6 17. Ke2 h6 18. Rhd1 Kf8 19. a3 Ke7 20. Rac1 Rxd1 21. Rxd1 Rc8 22. Ba2 Rc7 23. Nd2 Nb8 24. Bb3 Nbd7 25. Nc4 Rc6 26. f3 b5 27. Na5 Rc7 28. Rd2 Nc5 29. Rc2 Ne8 30. Ba2 Na4 31. Rd2 Nd6 32. Bd5 f6 33. Nc6+ Ke8 34. Nb4 Nc5 35. Bc6+ Ke7 1-0

[Event "Ruhrgebiet VK2 1213"]
[Site "Nordrheinwestfalen"]
[Date "2012.09.02"]
[Round "1"]
[White "Korber, Markus"]
[Black "Bachmann, Karlheinz"]
[Result "0-1"]
[WhiteElo "1910"]
[BlackElo "2110"]
[PlyCount "46"]
[EventDate "2012.09.02"]
[EventType "team-tourn"]
[EventRounds "9"]
[EventCountry "GER"]
[SourceTitle "EXT 2020"]
[Source "ChessBase"]
[SourceDate "2019.10.17"]
[SourceVersion "1"]
[SourceVersionDate "2019.10.17"]
[SourceQuality "1"]
[WhiteTeam "Rochade Steele/Kray"]
[BlackTeam "Katernberg SF III"]
[WhiteTeamCountry "GER"]
[BlackTeamCountry "GER"]

1. d4 d5 2. Nf3 c6 3. e3 Bf5 4. Be2 e6 5. 0-0 Nd7 6. c4 Bd6 7. Nc3 Ngf6 8. b3 0-0 9. Bb2 h6 10. cxd5 exd5 11. Rc1 Qe7 12. h3 Rae8 13. a4 Ne4 14. Nxe4 Bxe4 15. Bd3 f5 16. Rc2 Rf6 17. Bc1 Rg6 18. Bxe4 fxe4 19. Ne1 Qh4 20. Kh1 Rf8 21. f4 exf3 22. Nxf3 Qg3 23. Qe1 Rxf3 0-1

[Event "NRW Class2 1112"]
[Site "Germany"]
[Date "2012.02.05"]
[Round "6.4"]
[White "Wolf, Andre"]
[Black "Bachmann, Karlheinz"]
[Result "1-0"]
[WhiteElo "2123"]
[BlackElo "2093"]
[PlyCount "43"]
[EventDate "2011.09.18"]
[EventType "team-tourn"]
[EventRounds "9"]
[EventCountry "GER"]
[SourceTitle "EXT 2015"]
[Source "ChessBase"]
[SourceDate "2014.11.20"]
[SourceVersion "1"]
[SourceVersionDate "2014.11.20"]
[SourceQuality "1"]
[WhiteTeam "Herford"]
[BlackTeam "Katernberg II"]
[WhiteTeamCountry "GER"]
[BlackTeamCountry "GER"]

1. e4 c5 2. c3 d5 3. exd5 Qxd5 4. d4 Nf6 5. Nf3 Bg4 6. Be2 e6 7. h3 Bh5 8. 0-0 Nc6 9. c4 Qd8 10. d5 exd5 11. g4 Bg6 12. g5 Nd7 13. cxd5 Ncb8 14. Re1 Qb6 15. Na3 Kd8 16. Nc4 Qc7 17. d6 Qc6 18. Bf1 Nb6 19. Nfe5 Qc8 20. Nxb6 axb6 21. d7 Nxd7 22. Bb5 1-0

[Event "NRW Class2 1112"]
[Site "Germany"]
[Date "2012.01.08"]
[Round "5.6"]
[White "Bachmann, Karlheinz"]
[Black "Goerke, Joachim"]
[Result "1-0"]
[WhiteElo "2093"]
[BlackElo "2022"]
[PlyCount "97"]
[EventDate "2011.09.18"]
[EventType "team-tourn"]
[EventRounds "9"]
[EventCountry "GER"]
[SourceTitle "EXT 2015"]
[Source "ChessBase"]
[SourceDate "2014.11.20"]
[SourceVersion "1"]
[SourceVersionDate "2014.11.20"]
[SourceQuality "1"]
[WhiteTeam "Katernberg II"]
[BlackTeam "Solingen III"]
[WhiteTeamCountry "GER"]
[BlackTeamCountry "GER"]

1. c4 c5 2. Nf3 Nc6 3. d4 cxd4 4. Nxd4 g6 5. e4 Bg7 6. Be3 Nf6 7. Nc3 d6 8. Be2 0-0 9. 0-0 Bd7 10. f3 Nxd4 11. Bxd4 Bc6 12. Qd2 a5 13. b3 Nd7 14. Bf2 Nc5 15. Rad1 b6 16. Rfe1 Ra7 17. Bf1 Rd7 18. Qc2 f5 19. exf5 Rxf5 20. Nd5 e6 21. Ne3 Rf8 22. Ng4 e5 23. Bd3 Nxd3 24. Qxd3 e4 25. fxe4 h5 26. Ne3 Be5 27. Bg3 Bxg3 28. hxg3 Qg5 29. Nd5 Rdf7 30. Rf1 Rxf1+ 31. Rxf1 Rxf1+ 32. Kxf1 Qc1+ 33. Kf2 Qb2+ 34. Kg1 Qe5 35. Qc3 Qxc3 36. Nxc3 Kf7 37. Kf2 Ke6 38. Ke3 Ke5 39. a3 g5 40. Nd5 b5 41. cxb5 Bxb5 42. Nb6 Ke6 43. Nc4 a4 44. Nd2 axb3 45. Nxb3 Ba4 46. Nd2 d5 47. exd5+ Kxd5 48. Ne4 h4 49. Nc3+ 1-0

[Event "GER-chT Seniors 20th"]
[Site "Gladenbach"]
[Date "2011.09.12"]
[Round "2.3"]
[White "Bachmann, Karlheinz"]
[Black "Troeger, Rainer"]
[Result "0-1"]
[WhiteElo "2183"]
[BlackElo "2043"]
[PlyCount "91"]
[EventDate "2011.09.11"]
[EventType "team-swiss"]
[EventRounds "7"]
[EventCountry "GER"]
[SourceTitle "CBM 144 Extra"]
[Source "ChessBase"]
[SourceDate "2011.10.28"]
[SourceVersion "1"]
[SourceVersionDate "2011.10.28"]
[SourceQuality "1"]
[WhiteTeam "NRW II"]
[BlackTeam "Brandenburg"]
[WhiteTeamCountry "GER"]
[BlackTeamCountry "GER"]

1. c4 g6 2. Nf3 c5 3. d4 Bg7 4. e4 cxd4 5. Nxd4 Qb6 6. Nb5 a6 7. Be3 Qd8 8. Nd4 Nc6 9. Nc3 d6 10. Be2 Nf6 11. 0-0 Bd7 12. f3 0-0 13. Qd2 Re8 14. Rfd1 Ne5 15. Rac1 Rc8 16. Nd5 Nxd5 17. cxd5 Rxc1 18. Rxc1 Qb8 19. h3 f6 20. f4 Nf7 21. Bg4 Bxg4 22. hxg4 Rc8 23. Ne6 Bh8 24. Kf2 Nd8 25. Nxd8 Rxc1 26. Qxc1 Qxd8 27. f5 Kf7 28. Kf3 Bg7 29. b4 Qd7 30. Qc4 Bf8 31. Qb3 Qb5 32. Kf2 Qd7 33. Qc2 Kg7 34. a4 Kf7 35. Ke2 Kg7 36. Kd1 Kf7 37. Kc1 Ke8 38. Kb2 Kd8 39. Kb3 Qc7 40. Qd3 Kd7 41. a5 Ke8 42. Bb6 Qc8 43. b5 axb5 44. Qxb5+ Kf7 45. Qd3 Bh6 46. Qc2 0-1

[Event "GER-ch Seniors 23rd"]
[Site "Halle"]
[Date "2011.08.10"]
[Round "6"]
[White "Bachmann, Karlheinz"]
[Black "Jacob, Helmut"]
[Result "1-0"]
[WhiteElo "2276"]
[BlackElo "2176"]
[PlyCount "91"]
[EventDate "2011.08.05"]
[EventType "swiss"]
[EventRounds "9"]
[EventCountry "GER"]
[SourceTitle "CBM 144 Extra"]
[Source "ChessBase"]
[SourceDate "2011.10.28"]
[SourceVersion "1"]
[SourceVersionDate "2011.10.28"]
[SourceQuality "1"]

1. c4 Nf6 2. Nf3 g6 3. Nc3 d5 4. cxd5 Nxd5 5. Qa4+ c6 6. Nxd5 Qxd5 7. e4 Qd8 8. d4 Bg7 9. Be3 0-0 10. Rd1 Nd7 11. Be2 Nf6 12. Qc2 Qa5+ 13. Nd2 Bd7 14. 0-0 Ng4 15. Bf4 Be6 16. Nb3 Qa4 17. Rd2 Nf6 18. f3 Rfd8 19. Rfd1 Rac8 20. Nc5 Qxc2 21. Rxc2 Bxa2 22. b3 Nxe4 23. fxe4 Rxd4 24. Be3 Bxb3 25. Nxb3 Rxe4 26. Bxa7 Rb4 27. Rb1 b6 28. Rc4 Rxc4 29. Bxc4 b5 30. Be2 Rd8 31. Rd1 Rxd1+ 32. Bxd1 f5 33. Bf3 Kf7 34. Bxc6 b4 35. Bd5+ e6 36. Bc4 Bc3 37. Kf2 Ke7 38. Bc5+ Kf6 39. Bd4+ Bxd4+ 40. Nxd4 Ke5 41. Nf3+ Kd6 42. Ng5 e5 43. Nxh7 Kc5 44. Bf7 Kd4 45. Nf8 g5 46. Ne6+ 1-0

[Event "GER-ch Seniors 23rd"]
[Site "Halle"]
[Date "2011.08.09"]
[Round "5"]
[White "Dobierzin, Olaf"]
[Black "Bachmann, Karlheinz"]
[Result "0-1"]
[WhiteElo "2107"]
[BlackElo "2276"]
[PlyCount "116"]
[EventDate "2011.08.05"]
[EventType "swiss"]
[EventRounds "9"]
[EventCountry "GER"]
[SourceTitle "CBM 144 Extra"]
[Source "ChessBase"]
[SourceDate "2011.10.28"]
[SourceVersion "1"]
[SourceVersionDate "2011.10.28"]
[SourceQuality "1"]

1. e4 c5 2. Nf3 e6 3. d4 cxd4 4. Nxd4 Nf6 5. Nc3 d6 6. Be2 Be7 7. 0-0 0-0 8. Kh1 Nc6 9. f4 Qc7 10. Be3 a6 11. a4 Re8 12. Bf3 Bf8 13. Nb3 b6 14. a5 Nd7 15. axb6 Nxb6 16. Qe2 Bb7 17. Na4 Nd7 18. Qf2 Nb4 19. c3 Nd3 20. Qd2 N3c5 21. Naxc5 Nxc5 22. Nxc5 dxc5 23. e5 Bxf3 24. Rxf3 Red8 25. Qe2 c4 26. Rff1 Rd3 27. Rfd1 Rad8 28. Bd4 Rxd1+ 29. Rxd1 Qc6 30. Ra1 Qb5 31. h3 g6 32. Qf2 Rd5 33. Kh2 a5 34. Qc2 Bc5 35. Bxc5 Qxc5 36. Qe2 Rd3 37. Rd1 Qd5 38. Rxd3 cxd3 39. Qd2 g5 40. Kg3 h6 41. fxg5 Qxe5+ 42. Kf3 Qd5+ 43. Ke3 hxg5 44. g4 Qh1 45. Kxd3 Qxh3+ 46. Kc2 Qxg4 47. Qd8+ Kg7 48. Qxa5 Qe4+ 49. Kd2 Qf4+ 50. Ke2 g4 51. Qd8 e5 52. b4 g3 53. Qd5 e4 54. Qd4+ Kg6 55. b5 Qf3+ 56. Ke1 g2 57. Qf2 Qxc3+ 58. Ke2 Qd3+ 0-1

[Event "GER-ch Seniors 23rd"]
[Site "Halle"]
[Date "2011.08.08"]
[Round "4"]
[White "Bachmann, Karlheinz"]
[Black "Vasiljev, Jurij"]
[Result "1/2-1/2"]
[WhiteElo "2276"]
[BlackElo "2154"]
[PlyCount "148"]
[EventDate "2011.08.05"]
[EventType "swiss"]
[EventRounds "9"]
[EventCountry "GER"]
[SourceTitle "CBM 144 Extra"]
[Source "ChessBase"]
[SourceDate "2011.10.28"]
[SourceVersion "1"]
[SourceVersionDate "2011.10.28"]
[SourceQuality "1"]

1. c4 Nf6 2. Nf3 e6 3. g3 d5 4. Bg2 Bd6 5. d4 c6 6. b3 Nbd7 7. Bb2 Ne4 8. 0-0 0-0 9. Ne5 f5 10. f3 Ng5 11. f4 Ne4 12. Nd2 Ndf6 13. Ndf3 Qe8 14. Qc1 Qh5 15. Ba3 Bxa3 16. Qxa3 g5 17. fxg5 Nxg5 18. Nxg5 Qxg5 19. Qc1 Qxc1 20. Raxc1 Ng4 21. Nxg4 fxg4 22. Rxf8+ Kxf8 23. cxd5 exd5 24. e4 dxe4 25. Bxe4 Be6 26. Bxh7 Rd8 27. Re1 Bd5 28. Be4 Bf7 29. Rd1 Be6 30. Kf2 Ke7 31. Ke3 Rh8 32. Rd2 Kd6 33. Rf2 a5 34. Bf5 Bxf5 35. Rxf5 b5 36. a4 bxa4 37. bxa4 Rxh2 38. Rxa5 Rb2 39. Rg5 Rb3+ 40. Kf2 Rb4 41. Rxg4 Rxa4 42. Ke3 Rc4 43. Rg5 Rc1 44. Ra5 Rc3+ 45. Kf4 Rd3 46. Ra4 Ke6 47. g4 Kf6 48. g5+ Kg6 49. Rc4 Kf7 50. Ke4 Rg3 51. Rc5 Rg4+ 52. Kd3 Ke7 53. Kc4 Kd6 54. Rf5 Rg1 55. Kd3 Rg4 56. Ke3 Ke6 57. Re5+ Kd6 58. Kd3 Rg1 59. Ke4 Rg4+ 60. Kf5 Rxd4 61. g6 Rd1 62. Re8 Rf1+ 63. Kg5 c5 64. g7 Rg1+ 65. Kf6 Rf1+ 66. Kg6 Rg1+ 67. Kf7 Kd5 68. g8Q Rxg8 69. Rxg8 c4 70. Kf6 c3 71. Kf5 Kd4 72. Kf4 c2 73. Rc8 Kd3 74. Rxc2 Kxc2 1/2-1/2

[Event "GER-ch Seniors 23rd"]
[Site "Halle"]
[Date "2011.08.06"]
[Round "2"]
[White "Bachmann, Karlheinz"]
[Black "Boeven, Manfred"]
[Result "1-0"]
[WhiteElo "2276"]
[BlackElo "2169"]
[PlyCount "77"]
[EventDate "2011.08.05"]
[EventType "swiss"]
[EventRounds "9"]
[EventCountry "GER"]
[SourceTitle "CBM 144 Extra"]
[Source "ChessBase"]
[SourceDate "2011.10.28"]
[SourceVersion "1"]
[SourceVersionDate "2011.10.28"]
[SourceQuality "1"]

1. d4 d5 2. c4 Bf5 3. Nc3 e6 4. Nf3 c6 5. Qb3 Qc7 6. Bf4 dxc4 7. Bxc7 cxb3 8. e4 Bg6 9. a3 Nf6 10. Nd2 Nbd7 11. f3 Rc8 12. Bf4 Be7 13. Nxb3 0-0 14. Be2 Bd8 15. Rd1 Re8 16. Kf2 Nh5 17. Bd6 Bc7 18. Bxc7 Rxc7 19. Rhe1 Nhf6 20. Rc1 Nb6 21. Red1 a6 22. a4 Rd8 23. Ke3 Kf8 24. a5 Nc8 25. Na4 Nd7 26. Nbc5 Nxc5 27. Nxc5 Nd6 28. g4 Ke7 29. Rc3 f5 30. e5 Nb5 31. Bxb5 axb5 32. Rdc1 fxg4 33. fxg4 Ra8 34. b4 Be8 35. Rf1 Bd7 36. Ne4 Rf8 37. Rxf8 Kxf8 38. Nd6 Ke7 39. Nxb5 1-0

[Event "GER-ch Seniors 23rd"]
[Site "Halle"]
[Date "2011.08.05"]
[Round "1"]
[White "Raabe, Joachim"]
[Black "Bachmann, Karlheinz"]
[Result "0-1"]
[WhiteElo "1972"]
[BlackElo "2276"]
[PlyCount "104"]
[EventDate "2011.08.05"]
[EventType "swiss"]
[EventRounds "9"]
[EventCountry "GER"]
[SourceTitle "CBM 144 Extra"]
[Source "ChessBase"]
[SourceDate "2011.10.28"]
[SourceVersion "1"]
[SourceVersionDate "2011.10.28"]
[SourceQuality "1"]

1. e4 c5 2. Nc3 g6 3. f4 Bg7 4. Nf3 Nc6 5. Bc4 d6 6. d3 e6 7. 0-0 Nge7 8. Qe1 0-0 9. Qh4 Nd4 10. f5 gxf5 11. Bh6 Ng6 12. Qh5 Bxh6 13. Qxh6 Qf6 14. Rf2 Qg7 15. Qxg7+ Kxg7 16. Nxd4 cxd4 17. Nb5 fxe4 18. Nxd6 exd3 19. cxd3 a6 20. a4 b6 21. Raf1 Ra7 22. g3 Ne5 23. Rf4 Nxc4 24. Rg4+ Kh8 25. dxc4 e5 26. Nxc8 Rxc8 27. Rf6 Rb7 28. b3 Rg8 29. Re4 Rg5 30. Rd6 Kg7 31. Kf2 f6 32. Rd5 Kf7 33. Ke2 Rg8 34. Kf3 Rc8 35. Rh4 Ke6 36. Re4 Rd7 37. Rxd7 Kxd7 38. Rh4 Rh8 39. Rh6 Ke7 40. g4 d3 41. Ke3 e4 42. Kd2 b5 43. g5 fxg5 44. Rxa6 bxc4 45. bxc4 Rd8 46. Ra5 e3+ 47. Kd1 Ke6 48. Ra6+ Ke5 49. Ra7 Rf8 50. Ke1 Kd4 51. Rd7+ Kc3 52. c5 e2 0-1

[Event "Oberliga NRW 1011"]
[Site "Germany"]
[Date "2011.03.13"]
[Round "8.7"]
[White "Skulener, Wladimir"]
[Black "Bachmann, Karlheinz"]
[Result "1-0"]
[WhiteElo "2347"]
[BlackElo "2303"]
[PlyCount "165"]
[EventDate "2010.09.26"]
[EventType "team-tourn"]
[EventRounds "9"]
[EventCountry "GER"]
[SourceTitle "EXT 2012"]
[Source "ChessBase"]
[SourceDate "2011.11.24"]
[SourceVersion "1"]
[SourceVersionDate "2011.11.24"]
[SourceQuality "1"]
[WhiteTeam "Aachen Aufwaerts"]
[BlackTeam "Katernberg II"]
[WhiteTeamCountry "GER"]
[BlackTeamCountry "GER"]

1. Nf3 c5 2. c4 Nc6 3. d4 cxd4 4. Nxd4 g6 5. e4 Bg7 6. Be3 Nf6 7. Nc3 Ng4 8. Qxg4 Nxd4 9. Qd1 Ne6 10. Qd2 d6 11. Be2 0-0 12. 0-0 Nc5 13. f3 a5 14. b3 Be6 15. Rac1 Rc8 16. Rfd1 f5 17. exf5 Rxf5 18. Nd5 Rf7 19. Kh1 Rc6 20. Bf1 Bc8 21. Bg5 b6 22. Re1 Bf8 23. Re2 Be6 24. Nf4 Bf5 25. Nd5 Be6 26. Rce1 Bxd5 27. cxd5 Rc7 28. Be3 Bg7 29. Bd4 Qf8 30. Bxg7 Qxg7 31. f4 Rf8 32. g3 Kh8 33. h4 Re8 34. Bh3 Qf6 35. Bg4 Kg7 36. Rh2 h5 37. Bh3 Rf8 38. Rf2 Rf7 39. Kh2 Nd7 40. Re3 Nc5 41. Rff3 Ra7 42. Re1 Ra8 43. a3 a4 44. b4 Nb3 45. Qc3 Nd4 46. Rd3 Nf5 47. Qxf6+ Kxf6 48. Rc3 Rff8 49. Re6+ Kf7 50. Bxf5 gxf5 51. Rc7 Rfe8 52. Kg2 Rac8 53. Rexe7+ Rxe7 54. Rxc8 Re3 55. Rc7+ Ke8 56. Rc6 Ke7 57. Rxb6 Rxa3 58. Rb7+ Ke8 59. Rh7 Rb3 60. Rxh5 Rxb4 61. Rh7 Rb5 62. Ra7 Rxd5 63. h5 Kf8 64. Kh3 Rd3 65. Ra5 d5 66. Rxa4 Kg7 67. Kh4 Kf6 68. Ra6+ Kg7 69. h6+ Kh7 70. Rf6 d4 71. Rxf5 Kxh6 72. Rf6+ Kg7 73. Rd6 Rd1 74. Kg5 d3 75. g4 d2 76. Kf5 Kf7 77. g5 Ke7 78. Rd3 Kf7 79. g6+ Ke7 80. Rd5 Ra1 81. Rxd2 Ra5+ 82. Kg4 Kf6 83. Rd6+ 1-0

[Event "Oberliga NRW 1011"]
[Site "Germany"]
[Date "2011.01.30"]
[Round "6.5"]
[White "Savchenko, Aleksij"]
[Black "Bachmann, Karlheinz"]
[Result "1-0"]
[WhiteElo "2275"]
[BlackElo "2303"]
[PlyCount "47"]
[EventDate "2010.09.26"]
[EventType "team-tourn"]
[EventRounds "9"]
[EventCountry "GER"]
[SourceTitle "EXT 2012"]
[Source "ChessBase"]
[SourceDate "2011.11.24"]
[SourceVersion "1"]
[SourceVersionDate "2011.11.24"]
[SourceQuality "1"]
[WhiteTeam "Koeln Porz II"]
[BlackTeam "Katernberg II"]
[WhiteTeamCountry "GER"]
[BlackTeamCountry "GER"]

1. d4 d5 2. c4 dxc4 3. Nf3 Nf6 4. e3 e6 5. Bxc4 c5 6. 0-0 a6 7. a4 Nc6 8. Qe2 cxd4 9. Rd1 Be7 10. exd4 0-0 11. Nc3 Nb4 12. Bg5 Re8 13. Ne5 Nfd5 14. Bxe7 Rxe7 15. Ne4 Rc7 16. a5 b6 17. axb6 Nxb6 18. Bb3 Bb7 19. Nc5 Bd5 20. Bxd5 N6xd5 21. Ra3 a5 22. Rg3 Nf6 23. Qf3 Qd5 24. Qxf6 1-0

[Event "Oberliga NRW 1011"]
[Site "Germany"]
[Date "2010.11.28"]
[Round "3.7"]
[White "Korth, Daniel"]
[Black "Bachmann, Karlheinz"]
[Result "1/2-1/2"]
[WhiteElo "2201"]
[BlackElo "2303"]
[PlyCount "48"]
[EventDate "2010.09.26"]
[EventType "team-tourn"]
[EventRounds "9"]
[EventCountry "GER"]
[SourceTitle "EXT 2012"]
[Source "ChessBase"]
[SourceDate "2011.11.24"]
[SourceVersion "1"]
[SourceVersionDate "2011.11.24"]
[SourceQuality "1"]
[WhiteTeam "Muenster"]
[BlackTeam "Katernberg II"]
[WhiteTeamCountry "GER"]
[BlackTeamCountry "GER"]

1. d4 d5 2. c4 dxc4 3. Nf3 Nf6 4. e3 e6 5. Bxc4 c5 6. 0-0 a6 7. dxc5 Bxc5 8. Qxd8+ Kxd8 9. Ne5 Ke7 10. Be2 Nbd7 11. Nd3 Bd6 12. Nd2 Nc5 13. Nxc5 Bxc5 14. Nb3 Bd6 15. Bd2 Ne4 16. Ba5 Bd7 17. Bf3 Bc6 18. Rfc1 Bd5 19. Nd2 Nxd2 20. Bxd5 exd5 21. Bxd2 Rac8 22. Bc3 f6 23. Kf1 Be5 24. Bxe5 fxe5 1/2-1/2

[Event "Oberliga NRW 1011"]
[Site "Germany"]
[Date "2010.09.26"]
[Round "1.5"]
[White "Schiffer, Kai Uwe"]
[Black "Bachmann, Karlheinz"]
[Result "1-0"]
[WhiteElo "2307"]
[BlackElo "2303"]
[PlyCount "50"]
[EventDate "2010.09.26"]
[EventType "team-tourn"]
[EventRounds "9"]
[EventCountry "GER"]
[SourceTitle "EXT 2012"]
[Source "ChessBase"]
[SourceDate "2011.11.24"]
[SourceVersion "1"]
[SourceVersionDate "2011.11.24"]
[SourceQuality "1"]
[WhiteTeam "Duisburg"]
[BlackTeam "Katernberg II"]
[WhiteTeamCountry "GER"]
[BlackTeamCountry "GER"]

1. Nf3 d5 2. c4 e6 3. g3 Nf6 4. b3 Be7 5. Bg2 0-0 6. 0-0 c5 7. Bb2 Nc6 8. e3 b6 9. Qe2 Bb7 10. Rd1 Qc7 11. Nc3 Rad8 12. cxd5 exd5 13. d4 Rfe8 14. Rac1 cxd4 15. Nb5 Qb8 16. Nbxd4 Nxd4 17. Nxd4 Bd6 18. Nc6 Bxc6 19. Bxf6 Rc8 20. Qg4 Bf8 21. Bb2 Qb7 22. Qd4 Qa6 23. a4 Qa5 24. Bh3 Rc7 25. Qf4 Rec8 1-0

[Event "GER-chT Seniors 19th"]
[Site "Eckernfoerde"]
[Date "2010.09.15"]
[Round "3.1"]
[White "Bachmann, Karlheinz"]
[Black "Donchenko, Anatoly G"]
[Result "0-1"]
[WhiteElo "2194"]
[BlackElo "2346"]
[PlyCount "60"]
[EventDate "2010.09.13"]
[EventType "team-swiss"]
[EventRounds "7"]
[EventCountry "GER"]
[SourceTitle "EXT 2011"]
[Source "ChessBase"]
[SourceDate "2010.11.26"]
[SourceVersion "1"]
[SourceVersionDate "2010.11.26"]
[SourceQuality "1"]
[WhiteTeam "NRW II"]
[BlackTeam "Hessen"]
[WhiteTeamCountry "GER"]
[BlackTeamCountry "GER"]

1. c4 c5 2. Nf3 Nf6 3. g3 b6 4. Bg2 Bb7 5. 0-0 e6 6. Nc3 Be7 7. d4 cxd4 8. Qxd4 d6 9. Rd1 a6 10. b3 Nbd7 11. e4 Qc7 12. Ba3 Nc5 13. e5 dxe5 14. Qxe5 Rc8 15. Bxc5 Bxc5 16. Na4 Bxf2+ 17. Kf1 Bc5 18. Nxc5 Qxc5 19. Qxc5 Rxc5 20. Rd6 Rc6 21. Rad1 Ke7 22. Ne5 Rxd6 23. Rxd6 Kxd6 24. Nxf7+ Ke7 25. Nxh8 Bxg2+ 26. Kxg2 Kf8 27. b4 Nd7 28. Kf3 Ne5+ 29. Ke4 Nxc4 30. Kd4 b5 0-1

[Event "GER-ch Seniors 22nd"]
[Site "Berlin"]
[Date "2010.08.24"]
[Round "9"]
[White "Nautsch, Werner"]
[Black "Bachmann, Karlheinz"]
[Result "1/2-1/2"]
[WhiteElo "2105"]
[BlackElo "2192"]
[PlyCount "105"]
[EventDate "2010.08.16"]
[EventType "swiss"]
[EventRounds "9"]
[EventCountry "GER"]
[SourceTitle "CBM 138 Extra"]
[Source "ChessBase"]
[SourceDate "2010.10.29"]
[SourceVersion "1"]
[SourceVersionDate "2010.10.29"]
[SourceQuality "1"]

1. d4 d5 2. c4 dxc4 3. e3 Nf6 4. Bxc4 e6 5. Nf3 a6 6. 0-0 c5 7. dxc5 Bxc5 8. Qe2 Nc6 9. a3 0-0 10. b4 Bd6 11. Bb2 e5 12. e4 Qe7 13. Nc3 Bg4 14. Nd5 Nxd5 15. Bxd5 Rac8 16. Rac1 Nd4 17. Bxd4 exd4 18. Qd3 Bxf3 19. Qxf3 a5 20. bxa5 Bxa3 21. Rxc8 Rxc8 22. Bxf7+ Qxf7 23. Qxa3 Qc4 24. g3 Qc2 25. e5 d3 26. e6 Qe2 27. Qb3 Re8 28. Qxb7 Rxe6 29. a6 d2 30. a7 Qxf1+ 31. Kxf1 d1Q+ 32. Kg2 Re8 33. a8Q Rxa8 34. Qxa8+ Kf7 35. Qf3+ Qxf3+ 36. Kxf3 g5 37. Ke4 Kf6 38. g4 Ke6 39. h3 h6 40. f3 Kf6 41. Kd5 Kf7 42. Ke5 Ke7 43. f4 gxf4 44. Kxf4 Ke6 45. Ke3 Kf7 46. Ke4 Kf6 47. h4 Ke6 48. Kd4 Kd6 49. Ke3 Ke7 50. Kf3 Kf7 51. g5 hxg5 52. hxg5 Kg6 53. Kg2 1/2-1/2

[Event "GER-ch Seniors 22nd"]
[Site "Berlin"]
[Date "2010.08.20"]
[Round "5"]
[White "Daeubler, Heinrich"]
[Black "Bachmann, Karlheinz"]
[Result "1/2-1/2"]
[WhiteElo "2046"]
[BlackElo "2192"]
[PlyCount "29"]
[EventDate "2010.08.16"]
[EventType "swiss"]
[EventRounds "9"]
[EventCountry "GER"]
[SourceTitle "CBM 138 Extra"]
[Source "ChessBase"]
[SourceDate "2010.10.29"]
[SourceVersion "1"]
[SourceVersionDate "2010.10.29"]
[SourceQuality "1"]

1. d4 d5 2. c4 dxc4 3. Nf3 Nf6 4. Nc3 a6 5. e4 b5 6. e5 Nd5 7. a4 e6 8. axb5 Bb4 9. Bd2 Nb6 10. Be2 Bb7 11. bxa6 Rxa6 12. Rxa6 Nxa6 13. Bg5 Qd7 14. 0-0 0-0 15. Be3 1/2-1/2

[Event "GER-ch Seniors 22nd"]
[Site "Berlin"]
[Date "2010.08.18"]
[Round "3"]
[White "Shapiro, Yosip"]
[Black "Bachmann, Karlheinz"]
[Result "0-1"]
[WhiteElo "1998"]
[BlackElo "2192"]
[PlyCount "94"]
[EventDate "2010.08.16"]
[EventType "swiss"]
[EventRounds "9"]
[EventCountry "GER"]
[SourceTitle "CBM 138 Extra"]
[Source "ChessBase"]
[SourceDate "2010.10.29"]
[SourceVersion "1"]
[SourceVersionDate "2010.10.29"]
[SourceQuality "1"]

1. Nf3 Nf6 2. c4 g6 3. Nc3 Bg7 4. g3 0-0 5. Bg2 d6 6. d4 Nc6 7. d5 Na5 8. Nd2 c5 9. 0-0 a6 10. a3 Qc7 11. e4 Rb8 12. Qe2 b5 13. cxb5 axb5 14. Nxb5 Qb6 15. a4 Ba6 16. Re1 Ne8 17. Bf1 Nc7 18. Nc4 Nxc4 19. Qxc4 Rfe8 20. f4 Bd4+ 21. Kg2 Nxb5 22. axb5 Qxb5 23. Qxb5 Bxb5 24. Bxb5 Rxb5 25. Re2 Reb8 26. Ra2 h5 27. f5 Kg7 28. h4 R8b7 29. fxg6 Kxg6 30. Bf4 Rb3 31. Kh3 Be5 32. Rg2 f6 33. Bc1 R7b4 34. Ra7 Rxe4 35. Rxe7 Rg4 36. Re8 Rgxg3+ 37. Rxg3+ Rxg3+ 38. Kh2 Rd3+ 39. Kg2 Rxd5 40. Rh8 Bxb2 41. Bf4 c4 42. Kf3 c3 43. Ke4 Rd1 44. Rh6+ Kg7 45. Kf5 c2 46. Rg6+ Kf7 47. Rh6 Rd5+ 0-1